000 00943nas a2200313 4500
001 BR0901913
003 BR-BrBNA
005 20231205112639.0
007 ta
008 230509b bl.|||p| |||| 00| 00por d
040 _aBR-BrBNA
_bpor
_cBiblioteca Nacional de Agricultura
041 _a(Pt)
072 _aQ02
100 1 _aLima, J.R.
100 1 _aBruno, L.M.
100 1 _aOliveira, M.A. de
100 1 _aSilva, V.K.L. da
245 1 _aProcessamento de frutas tropicais por desidratação osmótica seguida de fritura: estudo de caso da manga e do melão
650 _aMANGA
650 _aMELÃO
650 _aXAROPE
650 _aSACAROSE
650 _aTECNOLOGIA DE ALIMENTO
650 _aDESIDRATAÇÃO OSMÓTICA
650 _aCEARÁ
773 0 _tHigiene Alimentar (Brazil)
_xISSN 0101-9171
_g(Nov-Dec 2008), v. 22(166-167) p. 128-133
_wBR0901913
909 _a202311
_bLúcia
_c55
_dLúcia Elande
942 _2AGRIS
_n0
_cANA
999 _c199162
_d199162